000 00700cam a22002291 4500
001 l 23000001
003 DLC
005 20260227111528.0
008 920604s1922 dcu 000 0 eng
010 _al 23000001
035 _a(OCoLC)26230523
040 _aDLC
_cNNC-L
_dDLC
042 _apremarc
043 _an-us---
050 0 0 _aHD8051
_b.A62 no. 351
100 1 _aWeber, Gustavus Adolphus,
_d1863-
245 1 4 _aThe Bureau of labor statistics, United States Department of labor;
260 _aWashington,
_bGovt. print. off.,
_c1922.
300 _aiii, 59, iv p.
_c23 cm.
610 1 0 _aUnited States.
_bBureau of Labor Statistics
710 1 _aUnited States.
_bBureau of Labor Statistics
999 _c35668
_d35668